000 00406nam a22001697a 4500
999 _c6410
_d6408
005 20210904103705.0
008 200521b xxu||||| |||| 00| 0 eng d
020 _a9788194075721
041 _aeng
082 _a342.54 PAN
100 _aPandey Dr. J.N
_95723
245 _aConstitutional Law of India
260 _aAllahabad
_bCentral Law Agency
300 _a881p.
650 _aLaw
_95701
942 _cBK